Detalles MARC
| 000 -CABECERA |
| fixed length control field |
02078nam a22004217a 4500 |
| 001 - NUMERO DE CONTROL |
| control field |
58905 |
| 003 - CONTROL NUMBER IDENTIFIER |
| control field |
AR-BeUNQ |
| 005 - FECHA Y HORA DE LA ULTIMA TRANSACCION |
| control field |
20251222165815.0 |
| 007 - CAMPO FIJO DE DESCRIPCION FIJA - INFORMACION GENERAL |
| fixed length control field |
ta |
| 008 - ELEMENTOS DE LONGITUD FIJA-INFORMACION GENERAL |
| fixed length control field |
220412b ag ||||| |||| 001 ecspa |
| 020 ## - NUMERO INTERNACIONAL NORMALIZADO PARA LIBROS |
| Número Internacional Normalizado del libro |
9789875582583 |
| 040 ## - FUENTE DE CATALOGACION |
| Agencia de catalogación original |
AR-BeUNQ |
| Idioma de catalogación |
ESPAÑOL |
| Agencia que realiza la transcripción |
AR-BeUNQ |
| Convenciones de la descripción |
aacr |
| 041 0# - CODIGO DE IDIOMA |
| Código de idioma para texto/pista de sonido |
ESPAÑOL |
| 082 ## - NUMERO DE CLASIFICACION DECIMAL DEWEYMBER |
| Número de la edición |
21 |
| Número de clasificación |
302 |
| Número del ítem |
58905 |
| 100 01 - ASIENTO PRINCIPAL-NOMBRE PERSONAL |
| Nombre personal |
Saintout, Florencia |
| Títulos u otras palabras asociadas al nombre |
aut. |
| Fecha asociada al nombre |
1970 |
| 245 02 - MENCION DE TITULO |
| Título |
Los jóvenes en la Argentina : |
| Otra información sobre el título |
Desde una epistemología de la esperanza. |
| Mención de responsabilidad, etc |
Florencia Saintout |
| 250 ## - MENCION DE EDICION |
| Mención de edición |
1a ed. |
| 260 ## - PUBLICACION, DISTRIBUCION, ETC. |
| Lugar de publicación, distribución, etc. |
Bernal : |
| Nombre del editor, distribuidor, etc. |
Universidad Nacional de Quilmes, |
| Fecha de publicación, distribución, etc |
2013. |
| 300 ## - DESCRIPCION FISICA |
| Extensión |
120 p.; |
| Dimensiones |
15 cm. |
| 500 ## - NOTA GENERAL |
| Nota general |
Contiene un indice general, presentación y separado en tres partes |
| 504 ## - NOTA DE BIBLIOGRAFIA, ETC. |
| Nota de bibliografía, etc. |
Ordenado alfabeticamente |
| 505 ## - NOTA DE CONTENIDO |
| Nota de contenido con formato preestablecido |
Primera parte, Lo que queda de la destucción. Capítulo 1, Lo que se rompio . Lo que falta. Capítulo 2 . Ni siquiera pibas chorras.Segunda parte, Medios de comunicación hegemonicos y juventudes: La necesidad de dar batalla cultural. Capítulo 3. Los medios hablan de los jovenes. Sus respuestas. Capítulo 4. La relación política/ jovenes: cuando la derecha la niega. Tercera parte. Jovenes y reconstrucción. Capítulo 5. El pensamiento experto y su mirada sobre los jovenes en los ¨90. Capitulo 6. Jovenes militantes : la reconstrucción. Capítulo 7. La campora. |
| 600 03 - ASIENTO SECUNDARIO DE MATERIA - NOMBRE PERSONAL |
| Nombre personal |
Medios de comunicación ; Jóvenes ; Título |
| Numeración |
302 |
| Fechas asociadas con el nombre |
1970 |
| 650 ## - ASIENTO SECUNDARIO DE MATERIA - TERMINO TEMATICO |
| Término temático o nombre geográfico como elemento de entrada |
Ensayos |
| Fuente del encabezamiento o términ |
Spines. |
| 651 ## - ASIENTO SECUNDARIO DE MATERIA - NOMBRE GEOGRAFICO |
| Nombre geográfico |
Argentina |
| Fuente del encabezamiento o término |
Tell. |
| 929 ## - DATOS DE ADQUISICION |
| Procedencia |
DONACION |
| Proveedor |
UNQ |
| Precio |
$700 |
| Fecha de recibido |
2019 |
| Número de inventario |
58905 |
| Patrimonio UNQ |
PAT0083430 |
| 929 ## - DATOS DE ADQUISICION |
| Procedencia |
DONACION |
| Proveedor |
UNQ |
| Fecha de recibido |
2021 |
| Número de inventario |
58907 |
| Patrimonio UNQ |
PAT0083429 |
| 929 ## - DATOS DE ADQUISICION |
| Procedencia |
DONACION |
| Proveedor |
UNQ |
| Fecha de recibido |
2022 |
| Número de inventario |
58909 |
| Patrimonio UNQ |
PAT0083428 |
| 929 ## - DATOS DE ADQUISICION |
| Procedencia |
DONACION |
| Proveedor |
UNQ |
| Fecha de recibido |
2022 |
| Número de inventario |
58910 |
| Patrimonio UNQ |
PAT0083427 |
| 929 ## - DATOS DE ADQUISICION |
| Procedencia |
DONACION |
| Proveedor |
UNQ |
| Fecha de recibido |
2022 |
| Número de inventario |
58911 |
| Patrimonio UNQ |
PAT0083426 |
| 929 ## - DATOS DE ADQUISICION |
| Procedencia |
DONACION |
| Proveedor |
UNQ |
| Fecha de recibido |
2022 |
| Número de inventario |
58912 |
| Patrimonio UNQ |
PAT0083425 |
| 929 ## - DATOS DE ADQUISICION |
| Procedencia |
DONACION |
| Proveedor |
UNQ |
| Fecha de recibido |
2022 |
| Número de inventario |
58914 |
| Patrimonio UNQ |
PAT0083424 |
| 929 ## - DATOS DE ADQUISICION |
| Procedencia |
DONACION |
| Proveedor |
UNQ |
| Fecha de recibido |
2022 |
| Número de inventario |
58915 |
| Patrimonio UNQ |
PAT0083423 |
| 929 ## - DATOS DE ADQUISICION |
| Procedencia |
DONACION |
| Proveedor |
UNQ |
| Fecha de recibido |
2022 |
| Número de inventario |
60557 |
| Patrimonio UNQ |
PAT0083422 |
| 929 ## - DATOS DE ADQUISICION |
| Procedencia |
DONACION |
| Proveedor |
UNQ |
| Fecha de recibido |
2022 |
| Número de inventario |
60558 |
| Patrimonio UNQ |
PAT0083421 |
| 929 ## - DATOS DE ADQUISICION |
| Procedencia |
DONACION |
| Proveedor |
UNQ |
| Fecha de recibido |
2022 |
| Número de inventario |
58906 |
| Patrimonio UNQ |
PAT0083420 |
| 942 ## - ELEMENTOS DE PUNTO DE ACCESO ADICIONAL (KOHA) |
| Tipo de ítem Koha |
Libros |